00474pab a2200157 454500008004000000100001800040245007400058260000900132300001500141362000800156650004000164650001800204650003200222700001900254773004300273180718b2014 xxu||||| |||| 00| 0 eng d aJain, Sheelam aOrganizational citizenship behavior and HRM practices in Indian Banks c2014 ap.257-269. aOct aHuman resources development - India aBanks - India aHuman resources development aJain, Ravindra aIndian Journal of Industrial Relations